000
00322nam a2200121Ia 4500
008
190722s9999 xx 000 0 und d
020
_a
978-1-292-06116-0
100
_a
Brookshear, Brylow
245
0
_a
Computer Science An Overview
260
_a
England
_b
Pearson India Education Services
_c
2015
300
_a
640
942
_c
BK
999
_c
346
_d
346